Naruto - Les Épéistes de la Brume (par image) - Statistiques

Statistiques générales
  • Ce quiz a été pris 27 fois
  • Le résultat moyen est 8 sur 20
Statistiques - réponses
Par images Hint Réponse % Correct
Samehada Kisame Hoshigaki
96%
Kubikiribôchô Zabuza Momochi
96%
Samehada Killer B
83%
Kubikiribôchô Suigetsu Hôzuki
83%
Hiramekarei / Kabutowari / Kiba / Kubikiribôchô / Nuibari / Samehada / Shibuki Mangetsu Hôzuki
75%
Hiramekarei Chôjûrô
71%
Kubikiribôchô Jûzô Biwa
67%
Shibuki Jinpachi Munashi
42%
Hiramekarei Kagura Karatchi
42%
Kabutowari Jinin Akebino
33%
Samehada Fuguki Suikazan
25%
Kiba Raïga Kurosuki
25%
Kiba Ameryuri Ringo
21%
Nuibari Kushimaru Kuriare
21%
Kiba Butan Kurosuki
4%
Kubikiribôchô Hassaku Onomichi
4%
Nuibari Hebiichigo
4%
Shibuki Ichorôta Oniyuzu
4%
Kabutowari Kyohô Fuefuki
4%
Samehada Shizuma Hoshigaki
4%
Aucun quiz correspondant
Distribution des résultats
% des personnes avec chaque résultat
Percentile par nombre de réponses
Votre historique - résultats
Vous n’avez pas pris ce quiz